| 000 | 01196nam a2200265Ia 4500 | ||
|---|---|---|---|
| 003 | OSt | ||
| 005 | 20210818161111.0 | ||
| 008 | 210310s1998 eu ad gr 000 0 spa d | ||
| 020 | _a0821343475 | ||
| 040 |
_aCO-JMCR _cCO-JMCR |
||
| 041 | 0 | _aspa | |
| 082 | 0 | 4 |
_a339.5098 / _bB959m _223 |
| 100 | 1 |
_aBurki, Shahid Javed, _916966 _eautor |
|
| 245 | 1 | 0 |
_aMas allá del consenso de Washington : _bla hora de la reforma institucional / _cShahid Javed Burki, Guillermo E. Perry |
| 260 |
_aWashington : _bBanco Mundial, _c1998 |
||
| 300 |
_avii, 176 páginas : _bilustraciones y gráficas a blanco y negro ; _c28 cm. |
||
| 490 | 0 | _aEstudios del Banco Mundial sobre América Latina y el Caribe. Puntos de vista. | |
| 504 | _aBibliografía: páginas 167-176 | ||
| 505 | 0 | _aReforma institucional: porqué y cómo -- Reforma institucional en los mercados: El caso del sector financiero -- Reforma institucional de las jerarquías | |
| 650 | 1 | 4 |
_aEstabilización económica _916968 _zAmérica Latina |
| 650 | 2 | 4 |
_aEstabilización económica _zCaribe (Colombia) _939493 |
| 650 | 2 | 4 |
_aConsenso de Washington _zAmérica Latina _939494 |
| 700 | 1 |
_aPerry, Guillermo E., _eautor _939495 |
|
| 942 |
_2ddc _cBK |
||
| 999 |
_c8334 _d8334 |
||